| 000 | 01251nas a2200373 4500 | ||
|---|---|---|---|
| 001 | BR2013003909 | ||
| 003 | BR-BrBNA | ||
| 005 | 20231205122351.0 | ||
| 007 | ta | ||
| 008 | 230509b bl.|||p| |||| 00| 00por d | ||
| 040 |
_aBR-BrBNA _bpor _cBiblioteca Nacional de Agricultura |
||
| 041 | _a(En) | ||
| 072 | _aL70; L74 | ||
| 100 | 1 | _aAlves, A.E. | |
| 100 | 1 | _aRibeiro, A.P.C. | |
| 100 | 1 | _aDi Filippo, P.A. | |
| 100 | 1 | _aApparicio, M.F. | |
| 100 | 1 | _aFagliari, J.J. | |
| 100 | 1 | _aVicente, W.R.R. | |
| 100 | 1 | _a | |
| 245 | 1 | _aLeucogram and serum acute phase protein concentrations in queens submitted to conventional or videolaparoscopic ovariectomy | |
| 246 | 1 | _aLeucogram and serum acute phase protein concentrations in queens submitted to conventional or videolaparoscopic ovariectomy | |
| 650 | _aGATO | ||
| 650 | _aFÊMEA | ||
| 650 | _aVETERINÁRIA | ||
| 650 | _aCIRURGIA | ||
| 650 | _aSANGUE | ||
| 650 | _aANÁLISE | ||
| 650 | _aPROTEÍNA | ||
| 773 | 0 |
_tArquivo Brasileiro de Medicina Veterinária e Zootecnia (Brazil) _xISSN 0102-0935 _g(Feb 2010), v. 62(1) p. 86-91 _wBR2013003909 |
|
| 856 | 4 | 0 | _uhttp://www.scielo.br/pdf/abmvz/v62n1/v62n1a12.pdf |
| 909 |
_a202311 _bLúcia _c55 _dLúcia Elande |
||
| 942 |
_2AGRIS _n0 _cANA |
||
| 999 |
_c228292 _d228292 |
||